| 000 | 01705nam0a2200373 4500 | ||
|---|---|---|---|
| 001 | RU\NLR\BIBL_A\022161869 | ||
| 005 | 20240401132250.0 | ||
| 010 |
_a978-5-4461-1946-2 _9700 |
||
| 021 |
_aRU _bКН-П-24-005902 _9КН-П-24-0613 |
||
| 035 | _a(NLR Aleph) 022161869 | ||
| 090 |
_a12924411 _c12924411 |
||
| 100 | _a20240311d2024 u y0rusy50 ca | ||
| 101 | 1 |
_arus _ceng |
|
| 102 | _aRU | ||
| 105 | _aa z 000yy | ||
| 181 | 0 |
_ai _baxxe |
|
| 182 | 0 | _an | |
| 200 | 1 |
_aПродвинутые алгоритмы и структуры данных _fМарчелло Ла Рокка _g[предисловие Луиса Серрано _gперевод с английского Л. Киселева] |
|
| 203 |
_aТекст _bвизуальный _cнепосредственный |
||
| 210 |
_aСанкт-Петербург [и др.] _cПитер _d2024 (печ. 2023) |
||
| 215 |
_a845 с. _d23 |
||
| 225 | 1 | _aСерия "Бибилиотека программиста" | |
| 300 | _aЗагл. и авт. ориг.: Advanced algorithms and data structures/ Marcello la Rocca | ||
| 320 | _aБиблиогр. в подстроч. примеч. | ||
| 333 | _a16+ | ||
| 606 | 1 |
_aКомпьютеры _xСтруктуры данных _92294649 _3RU\NLR\AUTH\661374080 |
|
| 606 | 1 |
_aПрограммы (компьют.) _xАлгоритмы _92211615 _3RU\NLR\AUTH\661328537 |
|
| 606 | 1 |
_aГрафы (мат.) _xЗадачи _xРешение на компьютерах _92480390 _3RU\NLR\AUTH\661472494 |
|
| 686 | 1 | _aЗ973.2-018 | |
| 700 | 1 |
_7ca _8rus _aЛа Рокка _bМ. _gМарчелло _9266419 _3RU\NLR\AUTH\770266475 |
|
| 942 | _cBOOK | ||
| 980 | _aNB | ||